000 01583nim a2200361 i 4500
001 197353
003 ES-MaACL
005 20250828062630.0
007 ss lsnjlcipnne
008 140525s1991 sp nnnn |||| 00| spa d
040 _bspa
_cES-MaACL
245 0 0 _aEntrega a Fernando Salas del Premio León Felipe 1991 a los valores cívicos
_h[Grabación sonora] /
_cpor Alejandro Finisterre
260 _aMadrid :
_bAteneo de Madrid,
_c1991
300 _a1 casete (ca. 90 min) :
_bson. ;
_c11 cm
490 1 _3Actos culturales en el Ateneo de Madrid
516 _aIntervienen Alejandro Finisterre, presidente de la Fundación León Felipe y Antonio Gala, primer Premio León Felipe a los valores cívicos (1989). Presenta Isabelo Herreros, vicepresidente segundo del Ateneo de Madrid.
518 _aGrabado el 25 de abril de 1991 en el Salón de Actos del Ateneo de Madrid
520 _aEntrega a Fernando Salas, poeta del Premio León Felipe 1991.
540 _aDocumento inédito
594 _5Datos basados en la invitación
610 2 0 _aAteneo de Madrid-
_xActos culturales-
_y1991-
_vGrabaciones sonoras
_9240452
653 _aArchivo de la palabra
655 0 _aConferencias
_9234444
700 1 _9101728
_aSalas, Fernando
700 1 _950896
_aFinisterre, Alejandro
700 1 _9226511
_aGala, Antonio,
_d1936-2023
710 2 _aAteneo de Madrid
_91875
830 0 _aActos culturales en el Ateneo de Madrid
_9240237
852 _aES-MaACL
_cDEPOZ
_9205670
942 _2udc
_n0
_cCINTASAUD
999 _c197353
_d197353